Pithanon a Paulo epitomatorum libri VIII: sulla funzione critica del commento del giurista iulius paulus

Enregistré dans:
Détails bibliographiques
Auteur principal: Formigoni, Wanda (Auteur)
Format: Livre
Langue:italien
Publié: Milán Dott. A. Giuffrè 1996
Collection:Pubblicazioni della Facoltà Giuridica dell'Università di Ferrara, 38
Sujets:
Tags: Ajouter un tag
Pas de tags, Soyez le premier à ajouter un tag!

MARC

LEADER 00000nam a2200000 a 4500
001 UCO8886
003 CL-VaPUC
008 010105e19960000IT |||||||||||||||||ita|d
082 0 4 |a 340.54  |b FOR  |2 21 
100 0 |a Formigoni, Wanda  |e author  |9 453780 
245 1 0 |a Pithanon a Paulo epitomatorum libri VIII: sulla funzione critica del commento del giurista iulius paulus 
300 |a 189 p 
942 |c BK 
945 |d 20010105 00:00:00  |a vberengu 
260 |a Milán  |b Dott. A. Giuffrè  |c 1996 
650 0 |a Políticos romanos   |9 453781 
650 0 |a Políticos y gobernantes  |9 453782 
651 0 |a Roma   |9 255106 
583 |a last modification  |c 20010105 00:00:00  |k Rodrigo Vera 
490 0 |a Pubblicazioni della Facoltà Giuridica dell'Università di Ferrara, 38 
999 |c 293307  |d 293305 
952 |0 0  |1 0  |4 0  |6 340_540000000000000_FOR_1996  |7 0  |8 DER_ROM  |9 344767  |a BIBDER  |b BIBDER  |d 2019-11-20  |i 359369K  |o 340.54 FOR 1996  |p 359369K  |r 2023-01-25  |w 2019-11-20  |x Ubicación 4to piso  |y BK  |z Este recurso debe solicitarse con anticipación  |k DER